| Tag |
First Indicator |
Second Indicator |
Subfields |
| LEADER |
00000cam a2200000 a 4500 |
| 001 |
in00000831710 |
| 005 |
20151018124115.0 |
| 008 |
800201s1980 dcuab b f00010 eng d |
| 010 |
|
|
|a gp 82019476
|
| 010 |
|
|
|a 80607013
|
| 035 |
|
|
|a (OCoLC)06043426
|
| 035 |
|
|
|9 ADX7240AM
|
| 040 |
|
|
|a DLC
|c DLC
|d m.c.
|d GPO
|d UtOrBLW
|
| 043 |
|
|
|a n-us-co
|
| 050 |
|
0 |
|a SH11
|b .A313 no. 99
|
| 074 |
|
|
|a 615-A
|
| 082 |
0 |
|
|a 639 s
|a 597/.52
|
| 086 |
0 |
|
|a I 49.68:99
|
| 100 |
1 |
|
|a McAda, Charles W.
|
| 245 |
1 |
4 |
|a The razorback sucker, Xyrauchen texanus, in the Upper Colorado River basin, 1974-76 /
|c by Charles W. McAda, Richard S. Wydoski.
|
| 264 |
|
1 |
|a Washington, D.C. :
|b U.S. Dept. of the Interior, Fish and Wildlife Service,
|c 1980.
|
| 300 |
|
|
|a 15 pages :
|b illustrations, maps ;
|c 26 cm.
|
| 336 |
|
|
|a text
|b txt
|2 rdacontent
|
| 337 |
|
|
|a unmediated
|b n
|2 rdamedia
|
| 338 |
|
|
|a volume
|b nc
|2 rdacarrier
|
| 490 |
1 |
|
|a Technical papers of the U.S. Fish and Wildlife Service ;
|v 99
|
| 504 |
|
|
|a Bibliography: pages 14-15.
|
| 650 |
|
0 |
|a Razorback sucker.
|
| 650 |
|
0 |
|a Fishes
|z Colorado River watershed.
|
| 700 |
1 |
|
|a Wydoski, Richard S.
|
| 710 |
2 |
|
|a U.S. Fish and Wildlife Service.
|
| 830 |
|
0 |
|a Technical papers of the U.S. Fish and Wildlife Service ;
|v 99.
|
| 999 |
|
|
|a MARS
|
| 999 |
f |
f |
|s a29dcdb6-ee09-37d3-9989-37d4da66a7b4
|i dfc9d665-d2a0-3013-bd2e-b03773bbf011
|t 0
|
| 952 |
f |
f |
|p normal
|a Texas A&M University
|b College Station
|c Sterling C. Evans Library
|d Evans: US Documents (Annex 5th floor)
|t 0
|e I 49.68:99
|h Superintendent of Documents classification
|i unmediated -- volume
|m A14834869051
|
| 998 |
f |
f |
|a I 49.68:99
|t 0
|l Evans: US Documents (Annex 5th floor)
|